Chemical physics research journal

Detalles Bibliográficos
Formato: Electrónico Revista
Lenguaje:inglés
Publicado: Hauppauge, NY : Nova Science Publishers
Materias:
Acceso en línea:Full text available from Research Library: 01/01/2011 to 10/31/2014

MARC

LEADER 00000nas a2200000 a 4500
001 ssj0001454072
003 WaSeSS
005 20200512172242.0
006 m d
007 cr n
008 061227c20079999nyuqr p s 0 a0eng c
010 |a  2006215766 
016 7 |a 101313782  |2 DNLM 
022 |l 1935-2492  |y 1935-2492 
035 |a (WaSeSS)ssj0001454072 
037 |b Nova Science Publishers, Inc., 400 Oser Ave., Ste. 1600, Hauppauge, NY 11788 
040 |a NSD  |b eng  |c NSD  |d NSD  |d DLC  |d NLM  |d OCLCQ  |d OCLCF  |d OCLCO  |d OCLCQ  |d OCLCO  |d CUS  |d WaSeSS 
042 |a pcc  |a nsdp 
050 0 0 |a QD450  |b .C4427 
060 0 0 |a W1  |b CH517 
082 1 0 |a 541  |2 14 
210 0 |a Chem. phys. res. j. 
222 0 |a Chemical physics research journal 
245 0 0 |a Chemical physics research journal  |h [electronic resource]. 
260 |a Hauppauge, NY :  |b Nova Science Publishers 
310 |a Quarterly 
362 1 |a Began with vol. 1, issue 1 (2007). 
506 |a License restrictions may limit access. 
588 |a Description based on: Vol. 1, issue 1 (2007); title from cover. 
650 0 |a Chemistry, Physical and theoretical  |v Periodicals. 
650 1 2 |a Chemistry. 
650 1 2 |a Physics. 
650 7 |a Chemistry, Physical and theoretical.  |2 fast  |0 (OCoLC)fst00853521 
655 0 |a Electronic journals. 
850 |a DLC 
856 4 0 |z Full text available from Research Library: 01/01/2011 to 10/31/2014  |u https://search.proquest.com/publication/2034887